| 000 | 01228nam a2200313 c 4500 | ||
|---|---|---|---|
| 001 | 8799 | ||
| 003 | ES-MaCES | ||
| 005 | 20250203132347.0 | ||
| 008 | 990510s2000 sp r o000 | spa d | ||
| 035 | _aCES19990006983m | ||
| 040 |
_aES-MaCES _bspa _cES-MaCES |
||
| 245 | 0 | 0 |
_aConsejos Económicos y Sociales de las Comunidades Autónomas _c[trabajo realizado por el Departamento de Relaciones Institucionales del CES] |
| 260 |
_a[Madrid] _bCES, Dirección de Relaciones Institucionales y Publicaciones _c[2000] |
||
| 300 |
_a44 h. _c30 cm |
||
| 500 | _aTít. tomado de la cub. | ||
| 541 | _cGratuito | ||
| 650 | 4 |
_aConsejos Económicos y Sociales _930859 |
|
| 650 | 4 |
_acomisión consultiva _929196 |
|
| 650 | 4 |
_aEspaña _926964 |
|
| 650 | 4 |
_aComunidades Autónomas _930768 |
|
| 650 | 4 |
_arégimen jurídico _929894 |
|
| 650 | 4 |
_adirectorio _928972 |
|
| 653 | 1 | 0 | _aAdministración-Instituciones públicas |
| 710 | 2 |
_aConsejo Económico y Social (España) _bDirección de Relaciones Institucionales y Publicaciones _92416 |
|
| 787 | 0 |
_tConsejos Económicos y Sociales de las Comunidades Autónomas _w(ES-MaCES)12994 |
|
| 902 | _aLIB Libro | ||
| 942 |
_2CES _cBK _h6.3. |
||
| 999 |
_c8799 _d8799 |
||